Tratado de reciclado y recuperación de productos de los residuos (Record no. 57694)

MARC details
000 -LEADER
fixed length control field 01260nam a22002657a 4500
005 - DATE AND TIME OF LATEST TRANSACTION
control field 20230331072119.0
008 - FIXED-LENGTH DATA ELEMENTS--GENERAL INFORMATION
fixed length control field 200207b sp ||||| |||| 00| 0 spa d
020 ## - INTERNATIONAL STANDARD BOOK NUMBER
International Standard Book Number 847114901X
050 04 - LIBRARY OF CONGRESS CALL NUMBER
Classification number TD156 .R38
Item number S47 2000
050 04 - LIBRARY OF CONGRESS CALL NUMBER
Classification number TD791
Item number S46 2000
100 1# - MAIN ENTRY--PERSONAL NAME
Personal name Seoánez Calvo, Mariano,
Relator term autor
245 10 - TITLE STATEMENT
Title Tratado de reciclado y recuperación de productos de los residuos
Remainder of title : El reciclado de la naturaleza, El reciclado en el medio agrario, El reciclado y la recuperación en el medio urbano, El reciclado y la recuperación en el medio industrial, Casos prácticos de cada sector.
Statement of responsibility, etc / Mariano Seoánez Calvo ; con la colaboración de Elena Bellas Velasco, Pedro Ladaria Sureda, Pilar Seoánez Oliet.
250 ## - EDITION STATEMENT
Edition statement 1a ed.
260 ## - PUBLICATION, DISTRIBUTION, ETC. (IMPRINT)
Place of publication, distribution, etc Madrid, España :
Name of publisher, distributor, etc Ediciones Mundi-Prensa,
Date of publication, distribution, etc 2000
300 ## - PHYSICAL DESCRIPTION
Extent 605 p. ;
Dimensions 24 cm.
490 #0 - SERIES STATEMENT
Series statement Ingenieria del Medio Ambiente
500 ## - GENERAL NOTE
General note Incluye bibliografía e índice
650 #7 - SUBJECT ADDED ENTRY--TOPICAL TERM
Source of heading or term lemb
Topical term or geographic name as entry element Residuos Industriales
General subdivision Reciclaje
650 #7 - SUBJECT ADDED ENTRY--TOPICAL TERM
Source of heading or term lemb
Topical term or geographic name as entry element Basuras y aprovechamiento de basuras
650 #7 - SUBJECT ADDED ENTRY--TOPICAL TERM
Source of heading or term lemb
Topical term or geographic name as entry element Residuos sólidos
General subdivision Reciclaje
700 1# - ADDED ENTRY--PERSONAL NAME
Personal name Bellas Velasco, Elena.,
Relator term colaborador.
700 1# - ADDED ENTRY--PERSONAL NAME
Personal name Ladaria Sureda, Pedro.,
Relator term colaborador.
700 1# - ADDED ENTRY--PERSONAL NAME
Personal name Seoánez Oliet, Pilar
Relator term colaborador
942 ## - ADDED ENTRY ELEMENTS (KOHA)
Source of classification or shelving scheme Biblioteca del Cogreso de los Estados Unidos
Koha item type Libro
Holdings
Estado de pérdida Fuente de clasificación Estado del daño No para préstamo Ubicación permanente Ubicación actual Apartado o colección Fecha de adquisición Edición Área del conocimiento Clasificación Código de Barras Date last seen Número de copia Tipo de recurso Fuente de adquisición Costo por reposición Dependencia de educación superior (DES) Total Checkouts
  Biblioteca del Cogreso de los Estados Unidos   Consulta Biblioteca de la Facultad de Ingeniería en Tecnología de la Madera Biblioteca de la Facultad de Ingeniería en Tecnología de la Madera General 31/03/2023 1a ed. Ingeniería y Tecnología TD791 S46 2000 BTM000002215 31/03/2023 1 Libro   1.00 Ingeniería y Arquitectura  
  Biblioteca del Cogreso de los Estados Unidos     Biblioteca de la Facultad de Medicina Veterinaria y Zootecnia Biblioteca de la Facultad de Medicina Veterinaria y Zootecnia General 07/08/2018 1a. Ingeniería y Tecnología TD156.R38 S47 2000 MVZ000005115 07/08/2018 C : 1 Libro        
  Biblioteca del Cogreso de los Estados Unidos     Biblioteca de la Facultad de Medicina Veterinaria y Zootecnia Biblioteca de la Facultad de Medicina Veterinaria y Zootecnia General 07/08/2018 1a. Ingeniería y Tecnología TD156.R38 S47 2000 MVZ000005116 07/08/2018 C : 2 Libro        
  Biblioteca del Cogreso de los Estados Unidos     Biblioteca de la Unidad de Ciencias Ingeniería y Humanidades Biblioteca de la Unidad de Ciencias Ingeniería y Humanidades General 07/02/2020 1a ed. Ingeniería y Tecnología TD791 S46 2000 BCU000009401 07/02/2020 1 Libro Dirección General de Bibliotecas Generico 826.00    
  Biblioteca del Cogreso de los Estados Unidos     Biblioteca del Instituto de Investigaciones Agropecuarias y Forestales Biblioteca del Instituto de Investigaciones Agropecuarias y Forestales General 14/12/2018   Ingeniería y Tecnología TA145 S46 2000 C:1 BIIA000000871 14/12/2018 C:1 Libro        
  Biblioteca del Cogreso de los Estados Unidos     Biblioteca del Instituto de Investigaciones Agropecuarias y Forestales Biblioteca del Instituto de Investigaciones Agropecuarias y Forestales General 14/12/2018   Ingeniería y Tecnología TA145 S46 2000 C:2 BIIA000000872 14/12/2018 C:2 Libro        
  Biblioteca del Cogreso de los Estados Unidos     Biblioteca del Instituto de Investigaciones Agropecuarias y Forestales Biblioteca del Instituto de Investigaciones Agropecuarias y Forestales General 14/12/2018   Ingeniería y Tecnología TA145 S46 2000 C:3 BIIA000000873 14/12/2018 C:3 Libro        
  Biblioteca del Cogreso de los Estados Unidos     Biblioteca del Instituto de Investigaciones Agropecuarias y Forestales Biblioteca del Instituto de Investigaciones Agropecuarias y Forestales General 02/04/2019   Ciencias Agropecuarias TA145 S46 2000 C:4 BIIA000001338 02/04/2019 C:4 Libro        
  Biblioteca del Cogreso de los Estados Unidos     Biblioteca del Instituto de Investigaciones Agropecuarias y Forestales Biblioteca del Instituto de Investigaciones Agropecuarias y Forestales General 02/04/2019   Ciencias Agropecuarias TA145 S46 2000 C:5 BIIA000001339 02/04/2019 C:5 Libro